Montagegestaltung : Daten, Hinweise und Beispiele zur ergonomischen Arbeitsgestaltung /

Saved in:
Bibliographic Details
Main Author: Schultetus, W (Author)
Format: Book
Language:German
Published: Köln : Verlag TÜV Rheinland, 1987
Edition:2.Aufl.
Subjects:
Tags: Add Tag
No Tags, Be the first to tag this record!

MARC

LEADER 00000nam a22000003a 4500
001 stu42468
005 20150617225720.4
008 940406s1987----gw------------------ger-d
020 |a 3-921059-35-6 
040 |a STU  |b slo 
041 0 |a ger 
044 |a gw 
080 |a 621.757 
100 1 |a Schultetus, W  |4 aut 
245 1 |a Montagegestaltung :  |b Daten, Hinweise und Beispiele zur ergonomischen Arbeitsgestaltung /  |c [aut.]W. Schultetus 
250 |a 2.Aufl. 
260 |a Köln :  |b Verlag TÜV Rheinland,  |c 1987 
300 |a 121 s 
650 7 |a montáž  |2 stusub 
996 |b 284M030902  |c M*8584-1  |l MMKN  |s A  |a 24  |w stu42468_0001